| 000 | 01500cam a2200265 4500 | ||
|---|---|---|---|
| 001 | E132170 | ||
| 002 | 9211 | ||
| 008 | #DATE n2005 000 0 eng u | ||
| 020 | _a1904388434 | ||
| 035 | _a(Sirsi) u132170 | ||
| 041 | _aeng | ||
| 100 | _aBanfield, Anthony | ||
| 245 | _aValuation on Quarterly in Advance Basis and True Equivalent Yield (TEY): a CPD study pack. | ||
| 260 |
_aReading _bCollege of Estate Management _c2005 |
||
| 350 | _a60 | ||
| 490 | _aCollege of Estate Management CPD Study Pack | ||
| 520 | _aTraditional valuation methods have tended to be based on the concept of income being received annually in arrears, irrespective of the fact that it is most commonly paid quarterly in advance by tenants. This study pack looks at the method of valuation to fully take into account the actual frequency of income being received. It introduces the concept of valuing the True Equivalent Yield (TEY) and compares it with Notional Yield and has an instructional video presentation explaining these concepts, together with examples to calculate. For the more mathematically minded, it also has a section which explains the maths behind the calculations. | ||
| 520 | _aAccompanied by a cd "Valuation on Quarterly in Advance Basis and True Equivalent Yield" | ||
| 590 | _aIKA280306 | ||
| 650 | _aQUARTERLY IN ADVANCE | ||
| 650 | _aTRUE EQUIVALENT YIELD | ||
| 690 | _aPROPERTY-PROPERTY VALUATION AND APPRAISAL | ||
| 710 |
_aCollege of Estate Management _9400 |
||
| 942 | _n0 | ||
| 999 |
_c105049 _d105049 |
||